Anorganická chémia : praktikum /

Na minha lista:
Detalhes bibliográficos
Autor principal: Ondrejkovičová, Iveta, 1951- (Author)
Outros Autores: et al
Formato: Livro
Idioma:eslovaco
Publicado em: Bratislava STU 2016
Edição:2. vyd.
Colecção:Edícia vysokoškolských učebníc
Assuntos:
Tags: Adicionar Tag
Sem tags, seja o primeiro a adicionar uma tag!

MARC

LEADER 00000nam a22000003a 4500
001 0098645
003 SK-STU
005 20221128082810.6
007 ta
008 221128s ----xo-----e------000-0-----d
020 |a 978-80-227-4653-3 
040 |a STU  |b slo 
041 0 |a slo 
044 |a xo 
100 1 |a Ondrejkovičová, Iveta,  |d 1951-  |4 aut  |X 3280  |7 A000003280 
245 1 0 |a Anorganická chémia :  |b praktikum /  |c aut. Iveta Ondrejkovičová, et al 
250 |a 2. vyd. 
260 |a Bratislava  |b STU  |c 2016 
300 |a 237 s. 
490 0 |a Edícia vysokoškolských učebníc 
650 0 7 |a anorganická chémia 
700 1 |a et al. 
996 |b 284M089164  |c M* 14655-1  |l MMST  |s A  |a 24  |w 0098645_0001